|
|
|
|
| LEADER |
00000nkm a2200000 a 4500 |
| 001 |
vtls001202790 |
| 003 |
SK-MaSNL |
| 005 |
20260331203145.0 |
| 007 |
kf co |
| 008 |
230718s1988 xo g 0kuslo |
| 015 |
|
|
|a SNBG1988
|
| 035 |
|
|
|a SNK000145860
|
| 035 |
|
|
|a urn:nbn:sk:snk-km3lwhn
|
| 035 |
|
|
|a 9D7011EA-46A7-4FCA-82EE-DB953417AAF4
|
| 035 |
|
|
|a urn:nbn:sk:snk-km00dr6y
|
| 040 |
|
|
|a SNK
|b slo
|c SNK
|e AACR2
|
| 041 |
0 |
|
|a slo
|
| 043 |
|
|
|a e-xo---
|
| 044 |
|
|
|a xo
|c SK
|
| 072 |
|
7 |
|a 913
|x Regionálna geografia
|2 konspekt
|
| 080 |
|
|
|a 913(437.6)
|2 2011
|
| 080 |
|
|
|a 711.455.8
|2 2011
|
| 080 |
|
|
|a 640.41/.42
|2 2011
|
| 080 |
|
|
|a 556.55
|2 2011
|
| 080 |
|
|
|a (084.121)
|2 2011
|
| 080 |
|
|
|a 629.53
|2 2011
|
| 080 |
|
|
|a 613.47
|2 2011
|
| 100 |
1 |
|
|a Šmátralová, Vlasta
|c (fotografka)
|4 pht
|9 283285
|
| 245 |
1 |
0 |
|a Senec - Slnečné jazerá, vyhľadávané rekreačné stredisko
|h grafika
|c foto Vlasta Šmátralová, Milan Šmátrala, Ľubica Chriašteľová
|
| 246 |
1 |
|
|i Názov na obrazovej časti:
|a Senec
|
| 260 |
|
|
|a Bratislava
|b Pravda
|c 1988
|
| 300 |
|
|
|a 1 pohľadnica (4 čiastkové pohľady)
|b farebná
|c 11 x 15 cm
|
| 520 |
8 |
|
|a Zobrazenie: Na striebornom podklade v bielom orámovaní pohľady na návštevníkov plážového kúpaliska, na plachetnice na jazere, na hotel Amur, karavanový autokemping
|
| 650 |
0 |
7 |
|a plážové kúpaliská
|2 SNKPH
|9 85099
|
| 650 |
0 |
7 |
|a rekreačné strediská
|2 SNKPH
|9 75706
|
| 650 |
0 |
7 |
|a ubytovacie zariadenia
|2 SNKPH
|9 70233
|
| 650 |
0 |
7 |
|a jazerá
|2 SNKPH
|9 19987
|
| 650 |
0 |
7 |
|a plachetnice
|2 SNKPH
|9 55022
|
| 650 |
0 |
7 |
|a autokempingy
|2 SNKPH
|9 784
|
| 651 |
|
7 |
|a Slnečné jazerá (Slovensko)
|2 SNKPHgeo
|9 93691
|
| 651 |
|
7 |
|a Senec (Slovensko)
|2 SNKPHgeo
|9 175132
|
| 655 |
|
7 |
|a miestne pohľadnice
|2 SNKPH
|9 70510
|
| 700 |
1 |
|
|a Šmátrala, Milan
|c (fotograf)
|4 pht
|9 164919
|
| 700 |
1 |
|
|a Chriašteľová, Ľubica
|c (fotografka)
|4 pht
|9 284545
|
| 852 |
|
|
|a Slovenská národná knižnica
|
| 954 |
|
|
|a pohľadnice pôvodné (slovenské)
|2 lita
|
| 958 |
|
|
|a GBN
|
| 958 |
|
|
|a TL
|
| 958 |
|
|
|a GC
|
| 958 |
|
|
|a OND
|
| 958 |
|
|
|a EUIPO
|
| 999 |
|
|
|c 968458
|d 970388
|
| 952 |
|
|
|a SNK
|b SNK
|y PREZ
|7 0
|p 17A1298268
|o snkSP 140268
|i snk3425/88
|0 0
|1 0
|4 0
|d 2018-11-06
|f 1
|l 0
|r 2026-02-24 10:43:01
|w 2026-02-24
|
| 952 |
|
|
|a SNK
|b SNK
|y PREZ
|7 0
|p 17A1298279
|o snkSP 140268 D1
|i snk3426/88
|0 0
|1 0
|4 0
|d 2018-11-06
|l 0
|r 2026-02-24 10:43:01
|w 2026-02-24
|